| 000 | 00407nam a22001217a 4500 | ||
|---|---|---|---|
| 082 | _a220 PRO | ||
| 100 |
_aMishaal Safeer Sameen Abbas Muhammad Haider Kamal Foha Khalid Project _972993 |
||
| 245 | _aPR-SOF-1889-Smart Home Loads Automation System Using IoT | ||
| 260 |
_aISLAMABAD _bNUST COLLEGE OF EME _c2020 |
||
| 650 |
_a DE-COMP-38 _972994 |
||
| 700 |
_aProject Supervisor Ali Saeed _972995 |
||
| 942 | _cBK | ||
| 999 |
_c578908 _d578908 |
||